| 000 | 00761na a2200253 4500 | ||
|---|---|---|---|
| 001 | 23600 | ||
| 003 | MIRAKIL | ||
| 005 | 20181213155258.0 | ||
| 008 | 180110b tu 000 0 | ||
| 020 | _a9786055832438 | ||
| 040 |
_aMilas _btur _cTR-AnCHP |
||
| 041 | _atur | ||
| 082 |
_a327.530561 _bA47a 2010 |
||
| 090 | _a327.530561 A47a 2010 | ||
| 100 | _aAltunışık, Meliha Benli | ||
| 245 |
_aArap dünyasında Türkiye algısı _cMeliha Benli Altunışık |
||
| 260 |
_aAnkara _bTESEV Yayınları _c2010 _fİmak Ofset |
||
| 300 |
_a31 s. _btbl. _c30 sm. |
||
| 440 | _aTesev Yayınları | ||
| 490 |
_aDış Politika Analiz Serisi _v11 |
||
| 504 | _aKaynakça var. | ||
| 650 |
_aArap ülkeleri _xUluslararası ilişkiler _zTürkiye |
||
| 942 |
_2ddc _cBKS |
||
| 999 |
_c9828 _d9828 |
||